| 000 | 00839nmc a2200313 a 4500 | ||
|---|---|---|---|
| 003 | AR-BaBNM | ||
| 005 | 20251128210133.0 | ||
| 008 | 189019s1995 ||||||||||||||000 | spa|| | ||
| 020 | _a950-13-2267-X | ||
| 040 | _cAR-BaBNM | ||
| 100 | 1 | _aDiscépolo, Armando | |
| 245 | 1 | 0 |
_aMateo _b; Stéfano |
| 260 |
_aBuenos Aires _bKapelusz _c1995 |
||
| 300 | 0 | _a117 p. | |
| 490 | 0 |
_aGrandes obras de la literatura universal _vv. 132 |
|
| 500 | 0 | _aContiene referencias bibliográficas en p. 117 | |
| 650 | 4 | _aCRITICA LITERARIA | |
| 650 | 4 | _aTEATRO POPULAR | |
| 650 | 4 | _aINMIGRACION EN ARGENTINA | |
| 650 | 4 | _aTEATRO ARGENTINO | |
| 653 | 0 | _aGROTESCO | |
| 653 | 0 | _aCOSTUMBRISMO | |
| 653 | 0 | _aSAINETE | |
| 655 | _aLITERATURA | ||
| 700 | 1 |
_aNóbile, Beatriz de _eprologuista |
|
| 740 | 0 | _aStéfano | |
| 942 | _cBK | ||
| 998 | _cMARTIN | ||
| 999 |
_c14207 _d14207 |
||